Szeged üdvözli a Wekerle-kormányt Öt indítvány, hét átirat
Elmentve itt :
| Dokumentumtípus: | Cikk |
|---|---|
| Megjelent: |
1917-09-20
|
| Sorozat: | Délmagyarország
6 No. 218 |
| Kulcsszavak: | Wekerle Sándor miniszterelnök, Politikai élet Szeged, Városi ügyek Szeged |
| Online Access: | http://dmarchiv.bibl.u-szeged.hu/43771 |
| LEADER | 00503nab a2200145 i 4500 | ||
|---|---|---|---|
| 001 | delm43771 | ||
| 005 | 20180927131946.0 | ||
| 008 | 180927s1917 hu o 0|| hun d | ||
| 040 | |a SZTE Délmagyarország Archívum |b hun | ||
| 041 | |a hun | ||
| 245 | 0 | 0 | |a Szeged üdvözli a Wekerle-kormányt |h [elektronikus dokumentum] : |b Öt indítvány, hét átirat |
| 260 | |c 1917-09-20 | ||
| 300 | |a 3 | ||
| 490 | 0 | |a Délmagyarország |v 6 No. 218 | |
| 695 | |a Wekerle Sándor miniszterelnök, Politikai élet Szeged, Városi ügyek Szeged | ||